000 00252nam a22000857a 4500
008 160716b xxu||||| |||| 00| 0 eng d
100 _92933
_a Choksi, M
245 _aThe Happy Man's Shirt and other Short Plays
260 _aNew Delhi
_bOrient Publication
_c2001
999 _c2498
_d2498